| Tag |
First Indicator |
Second Indicator |
Subfields |
| LEADER |
00000cam a2200000 4500 |
| 001 |
in00000613708 |
| 005 |
20151015050819.0 |
| 008 |
750721s1946 nyuab 00110 eng |
| 010 |
|
|
|a 47030100
|
| 035 |
|
|
|a (OCoLC)01463613
|
| 035 |
|
|
|9 ACT2401AM
|
| 040 |
|
|
|c JPL
|d TXA
|d UtOrBLW
|
| 049 |
|
|
|a TXAM
|c [484658]
|
| 050 |
0 |
0 |
|a TK6547
|b .M3
|
| 100 |
1 |
|
|a McNicol, Donald Monroe,
|d 1875-
|
| 245 |
1 |
0 |
|a Radios conquest of space ;
|b the experimental rise in radio communication /
|c by Donald McNicol ...
|
| 264 |
|
1 |
|a New York,
|a London :
|b Murray Hill Books,
|c [1946]
|
| 264 |
|
4 |
|c [©1946]
|
| 300 |
|
|
|a x, 374 pages :
|b illustrations (including portraits) diagrams ;
|c 22 cm.
|
| 336 |
|
|
|a text
|b txt
|2 rdacontent
|
| 337 |
|
|
|a unmediated
|b n
|2 rdamedia
|
| 338 |
|
|
|a volume
|b nc
|2 rdacarrier
|
| 650 |
|
0 |
|a Radio
|x History.
|
| 999 |
|
|
|a MARS
|
| 999 |
f |
f |
|s d07c849d-f769-3281-bb6c-c64f2c9d6fb0
|i 6ebd0e35-9e1d-30ef-8807-bfd8de8c1196
|t 0
|
| 952 |
f |
f |
|p ric
|a Texas A&M University
|b Rellis Campus
|c Joint Library Facility
|d Remote Storage
|t 0
|e TK6547 .M3
|h Library of Congress classification
|i unmediated -- volume
|m A14805484824
|
| 998 |
f |
f |
|a TK6547 .M3
|t 0
|l Remote Storage
|